000 00734nam a2200241Ia 4500
003 OSt
005 20220923224011.0
006 a|||||r|||| 00| 0
007 ta
008 Pun
024 _a224,004
037 _cTextual
040 _aARTS
_cARTS
_bPun
041 _2Pun
_aPun
082 _aG1:66, 153K7
100 _aਢਿਲੋਜ਼, ਸੁਰਜੀਤ ਸਿੰਘ
245 0 _aਜੀਵਨ ਦਾ ਵਿਕਾਸ
260 _aਪਟਿਆਲਾ
_b ਪੰਜਾਬੀ ਯੂਨੀਵਰਸਿਟੀ
_c1967
300 _a140ਪੰ
_ccm.
650 _aਜੀਵ ਵਿਗਿਆਨ
_9160599
942 _hG1:66, 153K7
_cTEXL
_2CC
999 _c368635
_d368635